Texte complet de la Marseillaise - Statistiques

Statistiques générales
  • Ce quiz a été pris 449 fois
    116 depuis la dernière actualisation
  • Le résultat moyen est 161 sur 331
Statistiques - réponses
Réponse % Correct
à
100%
A
100%
en
97%
de
96%
De
96%
la
96%
La
96%
Le
96%
le
96%
Enfants
95%
enfin
95%
est
95%
Complet I Allons !
93%
arrivé !
93%
gloire
93%
gloire !
93%
jour
93%
Patrie !
93%
Patrie
93%
nos
92%
Nos
92%
sang
92%
sanglant
91%
nous
89%
nous,
89%
nous !
89%
Couplet des enfants Nous
89%
tyrannie,
89%
levé !
88%
Marchons,
87%
marchons !
87%
Abreuve
86%
Refrain Aux
86%
impur...
86%
vos
86%
Vos
86%
armes,
85%
bataillons !
85%
campagnes
85%
citoyens !
85%
Contre
85%
contre
85%
sillons !
85%
L'étendard
83%
soldat
83%
dans
82%
fils,
82%
Formez
82%
compagnes
80%
les
80%
Les
80%
Qu'un
80%
ce
79%
féroces
79%
bras
78%
et
78%
Et
78%
jusque
78%
soldats ?
78%
viennent
78%
ces
77%
Ces
77%
Égorger
77%
Mugir
77%
il
76%
Ils
74%
Entendez-vous
65%
qui
55%
qui,
55%
se
50%
Complet II Que
48%
que
48%
vous,
42%
vous
42%
leur
41%
Liberté !
41%
Liberté
41%
chérie,
40%
Quand
38%
plus ;
37%
tes
37%
Combat
36%
notre
36%
sacré
36%
y
36%
Couplet VI Amour
35%
avec
35%
ennemis
35%
entrerons
35%
seront
35%
leurs
34%
n'y
34%
aînés
33%
carrière,
32%
défenseurs !
32%
vengeurs !
32%
Victoire
32%
ton
30%
trouverons
30%
Combats
29%
ou
29%
poussière
29%
accents !
28%
sous
28%
Sous
28%
trace
28%
triomphe
28%
expirants
27%
mâles
27%
vertus.
27%
Voient
27%
Pour
26%
pour
26%
soutiens
26%
cercueil
25%
Conduis,
25%
drapeaux
25%
Bien
24%
moins
24%
partager
23%
suivre.
23%
survivre
23%
Accoure
22%
aurons
22%
dès
22%
Des
22%
orgueil
22%
sublime
22%
tous
22%
Tout
22%
tout
22%
venger
22%
jaloux
21%
Mais
21%
Français !
17%
Couplet V Français,
17%
Quel
17%
Couplet III Quoi !
16%
cette
15%
sans
15%
tyrans
15%
Vont
15%
combattre.
14%
rois
14%
tombent,
14%
battre.
13%
guerriers !
13%
guerriers
13%
magnanimes
12%
nouveaux
12%
prêts
12%
S'ils
12%
terre
12%
Couplet IV Tremblez,
12%
Tremblez !
12%
coups !
11%
fiers
11%
horde
11%
loi
11%
partis !
11%
perfides,
11%
phalanges
11%
prix.
11%
recevoir
11%
regret,
11%
sanguinaire,
11%
s'armant
11%
ah !
10%
cohortes
10%
despote
10%
esclavage !
10%
étrangères
10%
Feraient
10%
fers
10%
foyers !
10%
héros,
10%
jeunes
10%
mercenaires
10%
mère !
10%
outrage !
10%
Quels
10%
rendre
10%
traîtres,
10%
victimes,
10%
Bouillé !
9%
C'est
9%
complices
9%
conjurés ?
9%
d'esclaves,
9%
entraves,
9%
ignobles
9%
l'antique
9%
longtemps
9%
parricides
9%
produit
9%
projets
9%
Terrasseraient
9%
tristes
9%
veut
9%
Déchirent
8%
despotes
8%
doit
8%
joug
8%
L'opprobe
8%
mains
8%
pitié,
8%
préparés ?
8%
sein
8%
tigres
8%
vils
8%
destinées !
7%
deviendraient
7%
exciter ;
7%
maîtres
7%
méditer
7%
ose
7%
ploieraient !
7%
qu'on
7%
transports
7%
Dieu !
5%
enchaînées !
5%
fronts
5%
portons
5%
retenons
5%
Épargnons
4%
serait
1%
Aucun quiz correspondant
Distribution des résultats
% des personnes avec chaque résultat
Percentile par nombre de réponses
Votre historique - résultats
Vous n’avez pas pris ce quiz depuis la dernière actualisation